书目信息 |
| 题名: |
会计核算基础知识
|
|
| 作者: | 周富保 编 | |
| 分册: | ||
| 出版信息: | 太原 山西人民出版社 1979.10 |
|
| 页数: | 312页 | |
| 开本: | 19cm | |
| 丛书名: | ||
| 单 册: | ||
| 中图分类: | F230 | |
| 科图分类: | ||
| 主题词: | 会计 | |
| 电子资源: | ||
| ISBN: | ||
| 000 | 00537nam0 2200205 45 | |
| 001 | 0304111014 | |
| 005 | 20031219104109.2 | |
| 010 | @dCNY0.75 | |
| 091 | @a4088.5 | |
| 100 | @a20030411d1979 km y0chiy0120 ea | |
| 101 | 0 | @achi |
| 105 | @a z 000yy | |
| 200 | 1 | @a会计核算基础知识@AKuai Ji He Suan Ji Chu Zhi Shi@f周富保编@FZhou Fu Bao Bian |
| 210 | @a太原@c山西人民出版社@d1979.10 | |
| 215 | @a312页@d19cm | |
| 606 | 0 | @a会计 |
| 690 | @aF230@v3 | |
| 701 | 0 | @a周富保@4编 |
| 801 | @aCN@bTSTC@c20030411 | |
| 905 | @f1@b55873@dF230@e15 | |
| 会计核算基础知识/周富保编.-太原:山西人民出版社,1979.10 |
| 312页;19cm |
| ISBN :CNY0.75 |
| ● |
| 相关链接 |
|
|
|
|
正题名:会计核算基础知识
索取号:F230/15
 
预约/预借
| 序号 | 登录号 | 条形码 | 馆藏地/架位号 | 状态 | 备注 |
| 1 | 0055873 | 001791537 | 密集书库/ [索取号:F230/15] | 在馆 | |
| 2 | 0055874 | 000204914 | 第一样本阅览室/ [索取号:F230/15] | 在馆 |